Southville International School and Colleges
Your cart is empty.
  • Cart
  • Lists
    Public lists Eva Luna New books Lux_list list_1
    Your lists Log in to create your own lists
  • Log in to your account
  • Your cookies
  • Search history
Southville International School and Colleges
  • Advanced search
  • Recent comments
  • Most popular
  • Libraries

Log in to your account

Log in with GOOGLE


If you do not have an external account, but do have a local account, you can still log in:

  1. Home
  2. MARC view: Roman stories /
Normal view MARC view ISBD view

Roman stories / (Record no. 10591)

[ view plain ]
MARC details
000 -LEADER
fixed length control field 00581nam a22001937a 4500
003 - CONTROL NUMBER IDENTIFIER
control field OSt
005 - DATE AND TIME OF LATEST TRANSACTION
control field 20140310182216.0
008 - FIXED-LENGTH DATA ELEMENTS--GENERAL INFORMATION
fixed length control field 130907t xxu||||| |||| 00| 0 eng d
020 ## - INTERNATIONAL STANDARD BOOK NUMBER
International Standard Book Number 0750207914
050 ## - LIBRARY OF CONGRESS CALL NUMBER
Classification number BL 802
Item number .H913 1993
082 ## - DEWEY DECIMAL CLASSIFICATION NUMBER
Classification number HS 398.20937
Item number H86 1993
100 ## - MAIN ENTRY--PERSONAL NAME
Personal name Hull, Robert
9 (RLIN) 17031
245 ## - TITLE STATEMENT
Title Roman stories /
Statement of responsibility, etc retold by Robert R. Hull; illustrated by Tony Smith and Claire Robinson.
260 ## - PUBLICATION, DISTRIBUTION, ETC. (IMPRINT)
Place of publication, distribution, etc England :
Name of publisher, distributor, etc Wayland (Publishers) Ltd,
Date of publication, distribution, etc 1993.
300 ## - PHYSICAL DESCRIPTION
Extent 48 p. ;
Other physical details ill. some col. ;
Dimensions 27 p. ;
650 ## - SUBJECT ADDED ENTRY--TOPICAL TERM
Topical term or geographic name as entry element Title
9 (RLIN) 403
942 ## - ADDED ENTRY ELEMENTS (KOHA)
Source of classification or shelving scheme Library of Congress Classification
Koha item type
Holdings
Withdrawn status Lost status Source of classification or shelving scheme Damaged status Home library Current library Shelving location Date acquired Total Checkouts Total Renewals Full call number Barcode Date last seen Date checked out Copy number Price effective from Koha item type
    Library of Congress Classification   Luxembourg Library Luxembourg Library High School Section 09/07/2013 1 1 BL 802 .H913 1993 7789 01/18/2016 11/19/2013 1 09/07/2013 Books

Roman stories /

APA

Hull R., . (1993). Roman stories. England: Wayland (Publishers) Ltd.

Chicago

Hull Robert, . 1993. Roman stories. England: Wayland (Publishers) Ltd.

Harvard

Hull R., . (1993). Roman stories. England: Wayland (Publishers) Ltd.

MLA

Hull Robert, . Roman stories. England: Wayland (Publishers) Ltd. 1993.

  • Place hold
  • Print
  • Cite
  • Add to your cart (remove)
  • Save record
    BIBTEX Dublin Core MARCXML MARC (non-Unicode/MARC-8) MARC (Unicode/UTF-8) MARC (Unicode/UTF-8, Standard) MODS (XML) RIS
  • More searches
    Search for this title in:
    Other Libraries (WorldCat) Other Databases (Google Scholar) Online Stores (Bookfinder.com) Open Library (openlibrary.org)

Exporting to Dublin Core...

SOUTHVILLE LIBRARY

Southville International School and Colleges Library

1281 Tropical Ave. Cor. Luxembourg St., BF Homes International, Las Pinas City

Tel. No. 8256374 / 252358 Loc. 117/146

Powered by Koha